[Event "XXIX Memorial Edoardo Crespi A"]
[Site "Milano ITA"]
[Date "2008.12.12"]
[Round "8"]
[White "Kasparova, Tatiana"]
[Black "Burlando, Alessandro"]
[Result "1/2-1/2"]
[WhiteElo "2185"]
[BlackElo "2162"]
[PlyCount "124"]
[EventDate "2008.12.06"]

1. e4 e6 2. d3 c5 3. Nf3 Nc6 4. g3 g6 5. d4 cxd4 6. Nxd4 Bg7 7. Nb5 a6 8. Nd6+
Kf8 9. Bg2 Qc7 10. c3 Nf6 11. Be3 Ne8 12. Bc5 Ne7 13. Ba3 Nxd6 14. Bxd6 Qd8 15.
O-O f6 16. a4 Kf7 17. Na3 Nc6 18. Nc4 Bf8 19. a5 Bxd6 20. Qxd6 Qe7 21. Rfd1
Qxd6 22. Rxd6 Ke7 23. Rad1 Rd8 24. Nb6 Rb8 25. b4 Ne5 26. f4 Nf7 27. R6d2 d6
28. c4 Bd7 29. Kf2 Bc6 30. Ke3 g5 31. Bf1 Rg8 32. b5 gxf4+ 33. gxf4 Be8 34. c5
dxc5 35. bxa6 bxa6 36. Bxa6 Bc6 37. Bc4 Rgd8 38. Rxd8 Nxd8 39. Rb1 Nb7 40. a6
Nd6 41. Bd3 Rg8 42. Rb2 Kd8 43. Nc4 Kc7 44. Nxd6 Kxd6 45. Bc4 Ra8 46. Rd2+ Kc7
47. Rg2 Kb6 48. Rg7 Ra7 49. Rxa7 Kxa7 50. e5 fxe5 51. fxe5 Bd7 52. Kf4 Bc8 53.
Kg5 Bxa6 54. Bxe6 Bd3 55. Bf5 c4 56. e6 Bxf5 57. Kxf5 c3 58. e7 c2 59. e8=Q
c1=Q 60. Qe7+ Kb6 61. Qe6+ Kc7 62. Qe7+ Kc6 1/2-1/2

[Event "XXIX Memorial Edoardo Crespi A"]
[Site "Milano ITA"]
[Date "2008.12.12"]
[Round "8"]
[White "Luppi, Sergio"]
[Black "Tahirovic, Adnan"]
[Result "1/2-1/2"]
[WhiteElo "1974"]
[BlackElo "1938"]
[PlyCount "105"]
[EventDate "2008.12.06"]

1. d4 Nf6 2. Nf3 g6 3. g3 Bg7 4. Bg2 O-O 5. b3 d6 6. Bb2 Nbd7 7. Nbd2 Nh5 8.
O-O e5 9. dxe5 dxe5 10. Nc4 e4 11. Nfe5 Nxe5 12. Bxe5 Bxe5 13. Nxe5 f5 14. Nc4
Be6 15. Na5 Rb8 16. Qxd8 Rfxd8 17. Rfd1 Rd6 18. Rxd6 cxd6 19. Rd1 d5 20. e3 Nf6
21. b4 Bd7 22. Nb3 Rc8 23. Rd2 Rc4 24. a3 Rc3 25. Bf1 Ba4 26. Nc5 Bxc2 27. Nxb7
Bd3 28. Bxd3 exd3 29. Nc5 Ne4 30. Rxd3 Rc1+ 31. Kg2 Nxc5 32. bxc5 Rxc5 33. Rb3
Ra5 34. Kf3 Kf7 35. Ke2 g5 36. h3 h5 37. Kd3 g4 38. h4 Ke6 39. Kd4 Ra4+ 40. Kd3
Ke5 41. Rc3 Rc4 42. Rb3 a5 43. Rb5 Ra4 44. Rb3 Kd6 45. Rc3 Ke6 46. Rc6+ Ke5 47.
Rc3 Kd6 48. Rb3 Kc5 49. Rc3+ Rc4 50. Rb3 Ra4 51. Kd2 Kd6 52. Kd3 Ke5 53. Rc3
1/2-1/2

[Event "XXIX Memorial Edoardo Crespi A"]
[Site "Milano ITA"]
[Date "2008.12.12"]
[Round "8"]
[White "Pedini, Dario"]
[Black "Stella, Andrea"]
[Result "0-1"]
[WhiteElo "2123"]
[BlackElo "2234"]
[PlyCount "86"]
[EventDate "2008.12.06"]

1. e4 e6 2. d4 d5 3. e5 c5 4. c3 Qb6 5. Nf3 Nc6 6. a3 Nh6 7. b4 cxd4 8. cxd4
Nf5 9. Be3 f6 10. exf6 gxf6 11. Bd3 Nxe3 12. fxe3 Bd7 13. O-O Bh6 14. Qe2 O-O
15. Nc3 Ne7 16. b5 e5 17. dxe5 Qxe3+ 18. Kh1 Qxe2 19. Nxe2 Bg7 20. exf6 Bxf6
21. Rad1 Nf5 22. Bxf5 Bxf5 23. Nf4 Bc2 24. Rxd5 Be4 25. Rd7 Rad8 26. Rfd1 Rxd7
27. Rxd7 Bb2 28. Ne6 Rc8 29. h4 Bf5 30. Nfg5 h6 31. Rxb7 hxg5 32. Nxg5 Bxa3 33.
Rxa7 Rc1+ 34. Kh2 Bd6+ 35. g3 Rc2+ 36. Kh1 Bxg3 37. Ra4 Bc8 38. Kg1 Bb7 39. Kf1
Rf2+ 40. Kg1 Rg2+ 41. Kf1 Rf2+ 42. Kg1 Re2 43. Ra1 Rh2 0-1

[Event "XXIX Memorial Edoardo Crespi A"]
[Site "Milano ITA"]
[Date "2008.12.12"]
[Round "8"]
[White "Rettore, Ludwig"]
[Black "Nicolo', Filippo"]
[Result "1-0"]
[WhiteElo "2171"]
[BlackElo "2094"]
[PlyCount "31"]
[EventDate "2008.12.06"]

1. d4 d5 2. c4 Bf5 3. cxd5 Bxb1 4. Qa4+ c6 5. Rxb1 Qxd5 6. Nf3 Nd7 7. e3 Nb6 8.
Qc2 Nf6 9. a3 e6 10. Bd3 Be7 11. O-O O-O 12. b4 Rac8 13. Rb3 Rfd8 14. e4 Qh5
15. Be2 Qg4 16. Ng5 1-0

[Event "XXIX Memorial Edoardo Crespi A"]
[Site "Milano ITA"]
[Date "2008.12.12"]
[Round "8"]
[White "Solodovnichenko, Yuri"]
[Black "Kasparov, Sergey"]
[Result "1-0"]
[WhiteElo "2590"]
[BlackElo "2492"]
[PlyCount "121"]
[EventDate "2008.12.06"]

1. e4 c6 2. d4 d5 3. e5 Bf5 4. Nf3 e6 5. Be2 Bb4+ 6. Nbd2 Nd7 7. O-O Ba5 8. Nb3
Bc7 9. Bg5 f6 10. Bh4 Qe7 11. Re1 O-O-O 12. c4 dxc4 13. Bxc4 Nh6 14. Qc1 Nf7
15. Bg3 Ng5 16. Nh4 fxe5 17. dxe5 g6 18. Nxf5 gxf5 19. f3 Nb6 20. Kh1 Nf7 21.
Nc5 Nxc4 22. Qxc4 Rd5 23. Rac1 Nxe5 24. Bxe5 Rxe5 25. Rxe5 Bxe5 26. Nxb7 Kxb7
27. Qxc6+ Kb8 28. Qb5+ Ka8 29. Qxe5 Rd8 30. h3 Qd6 31. Rc8+ Kb7 32. Qxd6 Rxd6
33. Rh8 Rd2 34. Rxh7+ Kc6 35. Rxa7 Rxb2 36. Ra5 Kd6 37. f4 Rb4 38. g3 Rb2 39.
Kg1 Ke7 40. Ra7+ Kf6 41. a4 Rb8 42. Kf2 Rb2+ 43. Ke1 Rg2 44. a5 Rxg3 45. a6
Rxh3 46. Ra8 Ra3 47. Kd2 Kg7 48. Kc2 Ra4 49. Kb3 Ra1 50. Kc4 Ra5 51. Kb4 Ra1
52. Kc5 Kf6 53. a7 Kg7 54. Kd6 Ra6+ 55. Ke5 Ra4 56. Kxe6 Ra5 57. Kd6 Kh7 58.
Ke7 Ra6 59. Kf7 Ra1 60. Ke6 Ra5 61. Kf6 1-0

[Event "XXIX Memorial Edoardo Crespi A"]
[Site "Milano ITA"]
[Date "2008.12.12"]
[Round "8"]
[White "Sulashvili, Malkhaz"]
[Black "Morchiashvili, Bachana"]
[Result "1/2-1/2"]
[WhiteElo "2495"]
[BlackElo "2411"]
[PlyCount "22"]
[EventDate "2008.12.06"]

1. e4 c6 2. d4 d5 3. exd5 cxd5 4. c4 Nf6 5. Nc3 e6 6. c5 Be7 7. Bb5+ Bd7 8.
Bxd7+ Qxd7 9. Nf3 Nc6 10. O-O O-O 11. Bf4 Ne4 1/2-1/2

[Event "XXIX Memorial Edoardo Crespi A"]
[Site "Milano ITA"]
[Date "2008.12.12"]
[Round "8"]
[White "Trent, Lawrence"]
[Black "Movsziszian, Karen"]
[Result "1/2-1/2"]
[WhiteElo "2470"]
[BlackElo "2558"]
[PlyCount "41"]
[EventDate "2008.12.06"]

1. e4 c5 2. Nf3 d6 3. Bb5+ Nd7 4. d4 Ngf6 5. Nc3 cxd4 6. Qxd4 e5 7. Qd3 h6 8.
Be3 Be7 9. Bc4 O-O 10. O-O a6 11. a4 Qc7 12. Qe2 Nc5 13. Bxc5 Qxc5 14. Nd5 Nxd5
15. Bxd5 Rb8 16. Ne1 Be6 17. Nd3 Qa5 18. Bxe6 fxe6 19. g3 Rbc8 20. c3 Rf6 21.
Kg2 1/2-1/2

[Event "XXIX Memorial Edoardo Crespi A"]
[Site "Milano ITA"]
[Date "2008.12.13"]
[Round "9"]
[White "Barsov, Alexei"]
[Black "Solodovnichenko, Yuri"]
[Result "1/2-1/2"]
[WhiteElo "2513"]
[BlackElo "2590"]
[PlyCount "50"]
[EventDate "2008.12.06"]

1. d4 Nf6 2. Nf3 c5 3. d5 b5 4. Bg5 Qb6 5. Nc3 b4 6. Na4 Qa5 7. b3 d6 8. Nd2
Nbd7 9. e4 g6 10. Bd3 Bg7 11. O-O O-O 12. Nb2 Qc7 13. Nbc4 e6 14. dxe6 fxe6 15.
e5 dxe5 16. Qf3 Nd5 17. Qh3 N7b6 18. Ne4 Nf4 19. Qh4 Bb7 20. Rfe1 Rf5 21. Ne3
Raf8 22. Ng4 h5 23. Ne3 Nbd5 24. Bf1 R5f7 25. Nc4 Ne7 1/2-1/2

[Event "XXIX Memorial Edoardo Crespi A"]
[Site "Milano ITA"]
[Date "2008.12.13"]
[Round "9"]
[White "Brigati, Alessandro"]
[Black "Barlocco, Carlo"]
[Result "1-0"]
[WhiteElo "2090"]
[BlackElo "2144"]
[PlyCount "81"]
[EventDate "2008.12.06"]

1. d4 Nc6 2. Bf4 d6 3. e3 e5 4. dxe5 dxe5 5. Qxd8+ Kxd8 6. Bg3 Bf5 7. c3 Bd6 8.
Nd2 Kd7 9. O-O-O Rd8 10. Ngf3 f6 11. Nh4 Nge7 12. Bc4 Be6 13. Bxe6+ Kxe6 14. e4
g5 15. Nhf3 h5 16. h3 h4 17. Bh2 Bc5 18. Rhf1 Ng6 19. b4 Bb6 20. Nc4 Rxd1+ 21.
Kxd1 Ke7 22. Kc2 Nd8 23. a4 a6 24. Nxb6 cxb6 25. Nd2 Kd7 26. Nc4 Kc6 27. Ne3
Ne7 28. Rd1 Ne6 29. f3 Rd8 30. Nd5 Ng8 31. b5+ axb5 32. axb5+ Kxb5 33. Nc7+ Kc6
34. Nxe6 Re8 35. Ng7 Ra8 36. Kb3 Ne7 37. Nf5 Ng6 38. Rd6+ Kc7 39. Rxf6 Nf4 40.
Bxf4 gxf4 41. Nxh4 1-0

[Event "XXIX Memorial Edoardo Crespi A"]
[Site "Milano ITA"]
[Date "2008.12.13"]
[Round "9"]
[White "Burlando, Alessandro"]
[Black "Pedini, Dario"]
[Result "1/2-1/2"]
[WhiteElo "2162"]
[BlackElo "2123"]
[PlyCount "23"]
[EventDate "2008.12.06"]

1. d4 d5 2. c4 c6 3. cxd5 cxd5 4. Nc3 e6 5. Bf4 Nc6 6. e3 Nf6 7. Bd3 Bd6 8.
Bxd6 Qxd6 9. Nf3 a6 10. O-O O-O 11. Rc1 Bd7 12. a3 1/2-1/2

[Event "XXIX Memorial Edoardo Crespi A"]
[Site "Milano ITA"]
[Date "2008.12.13"]
[Round "9"]
[White "Damia, Angelo"]
[Black "Cazzaniga, Walter"]
[Result "1/2-1/2"]
[WhiteElo "2221"]
[BlackElo "2160"]
[PlyCount "21"]
[EventDate "2008.12.06"]

1. e4 e6 2. d4 d5 3. Nc3 Bb4 4. e5 c5 5. Bd2 Ne7 6. Nf3 Nbc6 7. Bd3 cxd4 8. Nb5
Bxd2+ 9. Qxd2 O-O 10. O-O f6 11. exf6 1/2-1/2

[Event "XXIX Memorial Edoardo Crespi A"]
[Site "Milano ITA"]
[Date "2008.12.13"]
[Round "9"]
[White "Facchetti, Gianni"]
[Black "Kasparova, Tatiana"]
[Result "1/2-1/2"]
[WhiteElo "2154"]
[BlackElo "2185"]
[PlyCount "34"]
[EventDate "2008.12.06"]

1. e4 c6 2. d4 d5 3. f3 e6 4. Nc3 b6 5. a3 Ba6 6. Bxa6 Nxa6 7. Qd3 Nc7 8. Bf4
Be7 9. Nge2 Nf6 10. O-O O-O 11. Be3 dxe4 12. Nxe4 Ncd5 13. Nxf6+ Nxf6 14. Rad1
Qc7 15. Bg5 c5 16. Bxf6 Bxf6 17. Qc4 Rac8 1/2-1/2

[Event "XXIX Memorial Edoardo Crespi A"]
[Site "Milano ITA"]
[Date "2008.12.13"]
[Round "9"]
[White "Iudicello, Giovanni"]
[Black "Rettore, Ludwig"]
[Result "0-1"]
[WhiteElo "2183"]
[BlackElo "2171"]
[PlyCount "58"]
[EventDate "2008.12.06"]

1. e4 c5 2. Nf3 e6 3. d4 cxd4 4. Nxd4 Nc6 5. Nc3 d6 6. Be2 Nf6 7. O-O a6 8. Kh1
Be7 9. f4 O-O 10. Bf3 Qc7 11. a4 Bd7 12. Nb3 b6 13. g4 Bc8 14. g5 Nd7 15. Bg2
Re8 16. Be3 Bb7 17. h4 Bf8 18. Rc1 Ne7 19. Nd4 g6 20. Qd2 Bg7 21. Nde2 Rad8 22.
Rcd1 Nc8 23. Ng3 Nc5 24. Bd4 e5 25. Bxc5 dxc5 26. Nd5 Bxd5 27. exd5 exf4 28.
Ne2 Nd6 29. Rxf4 Nf5 0-1

[Event "XXIX Memorial Edoardo Crespi A"]
[Site "Milano ITA"]
[Date "2008.12.13"]
[Round "9"]
[White "Kasparov, Sergey"]
[Black "Trent, Lawrence"]
[Result "1/2-1/2"]
[WhiteElo "2492"]
[BlackElo "2470"]
[PlyCount "71"]
[EventDate "2008.12.06"]

1. e4 c5 2. Nf3 d6 3. d4 cxd4 4. Nxd4 Nf6 5. f3 g6 6. c4 Nc6 7. Be3 Bg7 8. Qd2
O-O 9. Be2 Bd7 10. O-O Nxd4 11. Bxd4 Bc6 12. Nc3 a5 13. b3 Nd7 14. Rac1 Bxd4+
15. Qxd4 Qb6 16. Qxb6 Nxb6 17. f4 f5 18. exf5 gxf5 19. Bf3 a4 20. Bxc6 bxc6 21.
c5 dxc5 22. Nxa4 Nxa4 23. bxa4 Rxa4 24. Rxc5 Rxa2 25. Rxc6 Rd8 26. Rc3 Rdd2 27.
Rg3+ Kf7 28. h3 h6 29. Re1 Rf2 30. Rf1 Rfe2 31. Rb1 Rf2 32. Rf1 Rxf1+ 33. Kxf1
Ra4 34. Rf3 h5 35. h4 Ke6 36. g3 1/2-1/2

[Event "XXIX Memorial Edoardo Crespi A"]
[Site "Milano ITA"]
[Date "2008.12.13"]
[Round "9"]
[White "Ljubicic, Filip"]
[Black "Sulashvili, Malkhaz"]
[Result "0-1"]
[WhiteElo "2415"]
[BlackElo "2495"]
[PlyCount "85"]
[EventDate "2008.12.06"]

1. e4 c6 2. d4 d5 3. Nc3 dxe4 4. Nxe4 Bf5 5. Ng3 Bg6 6. Nf3 Nd7 7. h4 h6 8. h5
Bh7 9. Bd3 Bxd3 10. Qxd3 e6 11. Bf4 Qa5+ 12. Bd2 Qc7 13. O-O-O O-O-O 14. Ne4
Ngf6 15. g3 Nxe4 16. Qxe4 Nf6 17. Qe2 Bd6 18. Kb1 Rd7 19. c4 c5 20. Bc3 cxd4
21. Nxd4 a6 22. Nb3 Qc6 23. Bxf6 gxf6 24. c5 Bc7 25. Rxd7 Qxh1+ 26. Rd1 Qg2 27.
Qe3 f5 28. Nd2 Qd5 29. Rc1 Rd8 30. Rc2 f4 31. gxf4 Qxh5 32. Ne4 Rd1+ 33. Rc1
Qh1 34. Nf6 Qg1 35. Ne4 h5 36. Kc2 Rxc1+ 37. Qxc1 Qxc1+ 38. Kxc1 f5 39. Ng3
Bxf4+ 40. Kd1 Bxg3 41. fxg3 Kc7 42. Ke1 Kc6 43. b4 0-1

[Event "XXIX Memorial Edoardo Crespi A"]
[Site "Milano ITA"]
[Date "2008.12.13"]
[Round "9"]
[White "Loehnhardt, Benjamin"]
[Black "Agrifoglio, Fabio"]
[Result "0-1"]
[WhiteElo "2113"]
[BlackElo "1998"]
[PlyCount "50"]
[EventDate "2008.12.06"]

1. e4 d6 2. d4 Nf6 3. Nc3 g6 4. Bg5 Bg7 5. Qd2 h6 6. Bf4 g5 7. Bg3 Nh5 8. O-O-O
Nc6 9. Bb5 a6 10. Bxc6+ bxc6 11. f4 Bg4 12. Rf1 Nxf4 13. Bxf4 gxf4 14. Qxf4 Bh5
15. Nge2 e5 16. Qf2 Qg5+ 17. Kb1 O-O 18. d5 f5 19. exf5 cxd5 20. Nxd5 c6 21.
Nc7 Rab8 22. Ne6 Qd2 23. Ng3 Rxb2+ 24. Ka1 Qc3 25. Ne4 Qa3 0-1

[Event "XXIX Memorial Edoardo Crespi A"]
[Site "Milano ITA"]
[Date "2008.12.13"]
[Round "9"]
[White "Massironi, Marco"]
[Black "Borin, Fabio"]
[Result "1-0"]
[WhiteElo "2169"]
[BlackElo "2130"]
[PlyCount "73"]
[EventDate "2008.12.06"]

1. e4 c5 2. Nf3 d6 3. d4 Nf6 4. Nc3 cxd4 5. Nxd4 g6 6. Bg5 Bg7 7. Bb5+ Bd7 8.
Qe2 Qa5 9. O-O-O O-O 10. Bxf6 Bxf6 11. Bxd7 Nxd7 12. f4 Bxd4 13. Rxd4 Rfc8 14.
Kb1 Rxc3 15. bxc3 Nb6 16. Rb4 Na4 17. Qc4 b5 18. Qc6 Rb8 19. h4 Qd8 20. Rh3 Rb6
21. Qd5 Qc7 22. Rxb5 Nxc3+ 23. Rxc3 Qxc3 24. Rxb6 axb6 25. Qb3 Qd4 26. Qf3 e6
27. g3 Kf8 28. Qd3 Qc5 29. Kb2 Ke7 30. Qc3 Qxc3+ 31. Kxc3 e5 32. Kc4 f5 33. Kd5
Kf6 34. Kxd6 exf4 35. e5+ Kf7 36. gxf4 h6 37. Kd7 1-0

[Event "XXIX Memorial Edoardo Crespi A"]
[Site "Milano ITA"]
[Date "2008.12.13"]
[Round "9"]
[White "Mastroddi, Emiliano"]
[Black "Garano, Nicola"]
[Result "1/2-1/2"]
[WhiteElo "2069"]
[BlackElo "2251"]
[PlyCount "91"]
[EventDate "2008.12.06"]

1. e4 c5 2. Nf3 Nc6 3. Bb5 g6 4. O-O Bg7 5. Re1 Nf6 6. e5 Nd5 7. Nc3 Nc7 8.
Bxc6 dxc6 9. Ne4 Ne6 10. d3 O-O 11. Be3 b6 12. Qd2 Nd4 13. Nxd4 cxd4 14. Bh6
Be6 15. Bxg7 Kxg7 16. f4 Qd7 17. Rf1 f6 18. Rae1 h6 19. exf6+ exf6 20. Ng3 Bd5
21. Re2 h5 22. Rfe1 Rae8 23. a3 h4 24. Rxe8 Rxe8 25. Rxe8 Qxe8 26. Qe2 Qd7 27.
Nf1 c5 28. Nd2 h3 29. g3 Bc6 30. Kf2 Kf7 31. g4 Qd5 32. Qf3 Qd6 33. Ne4 Qb8 34.
Kg3 Ke7 35. Qe2 Kf7 36. Qf3 g5 37. Nxg5+ fxg5 38. Qxc6 Qxf4+ 39. Kxh3 Qe3+ 40.
Kg2 Qe2+ 41. Kg3 Qe1+ 42. Kg2 Qd2+ 43. Kg3 Qf4+ 44. Kh3 Ke7 45. Qb7+ Kf6 46.
Qc6+ 1/2-1/2

[Event "XXIX Memorial Edoardo Crespi A"]
[Site "Milano ITA"]
[Date "2008.12.13"]
[Round "9"]
[White "Morchiashvili, Bachana"]
[Black "Drazic, Sinisa"]
[Result "1/2-1/2"]
[WhiteElo "2411"]
[BlackElo "2528"]
[PlyCount "119"]
[EventDate "2008.12.06"]

1. d4 d5 2. Nf3 a6 3. c4 e6 4. e3 Nf6 5. Nc3 c5 6. cxd5 exd5 7. Be2 Nc6 8. O-O
Bd6 9. dxc5 Bxc5 10. b3 O-O 11. Bb2 Re8 12. Rc1 Ba7 13. Na4 Ne4 14. Nd4 Qd6 15.
Qc2 Nb4 16. Qc7 Qh6 17. Qa5 Nc6 18. Nxc6 bxc6 19. Nb6 Bb8 20. g3 Bc7 21. Qa4
Bxb6 22. Rxc6 Nc5 23. Rxc5 Bd7 24. Qxd7 Bxc5 25. Qxd5 Bf8 26. Bc4 Qg6 27. Bd4
Rad8 28. Qb7 Re7 29. Qxa6 Qxa6 30. Bxa6 Ra8 31. Bd3 Rxa2 32. Rc1 Ra8 33. b4 Rb8
34. b5 g6 35. Rb1 Bg7 36. Bc5 Reb7 37. b6 Bf8 38. Bd4 Bg7 39. Ba6 Rd7 40. Bxg7
Kxg7 41. b7 Kf6 42. Kg2 Ke7 43. g4 Kd8 44. Rc1 Rc7 45. Rxc7 Kxc7 46. Bc4 f6 47.
Bd5 Rd8 48. Be4 Re8 49. Bf3 Re5 50. Kg3 Rb5 51. h4 h6 52. Be4 g5 53. hxg5 hxg5
54. Bg2 Rb4 55. Bf3 Kd6 56. Bg2 Kc5 57. Bf3 Rb5 58. Bg2 Rb2 59. Bf3 Kc4 60. Bc6
1/2-1/2

[Event "XXIX Memorial Edoardo Crespi A"]
[Site "Milano ITA"]
[Date "2008.12.13"]
[Round "9"]
[White "Movsziszian, Karen"]
[Black "Salvador, Roland"]
[Result "1/2-1/2"]
[WhiteElo "2558"]
[BlackElo "2464"]
[PlyCount "25"]
[EventDate "2008.12.06"]

1. g3 g6 2. Bg2 Bg7 3. e4 c5 4. d3 Nc6 5. f4 d6 6. Nf3 Nf6 7. O-O O-O 8. Nc3
Bg4 9. h3 Bxf3 10. Qxf3 Rb8 11. Be3 Nd4 12. Qf2 Nd7 13. Nd1 1/2-1/2

[Event "XXIX Memorial Edoardo Crespi A"]
[Site "Milano ITA"]
[Date "2008.12.13"]
[Round "9"]
[White "Nicolo', Filippo"]
[Black "Crippa, Gabriele"]
[Result "0-1"]
[WhiteElo "2094"]
[BlackElo "2080"]
[PlyCount "66"]
[EventDate "2008.12.06"]

1. e4 d6 2. d4 Nf6 3. Nc3 e5 4. Nf3 Nbd7 5. g4 g6 6. g5 Nh5 7. Be3 Bg7 8. Qd2
Nf8 9. d5 f5 10. gxf6 Qxf6 11. Ng1 Nf4 12. O-O-O a6 13. h4 h6 14. f3 Bd7 15.
Nh3 g5 16. hxg5 hxg5 17. Nf2 Rxh1 18. Nxh1 N8g6 19. Nf2 Ke7 20. Ng4 Bxg4 21.
fxg4 Rh8 22. Na4 Qf8 23. c4 b6 24. b4 Nh4 25. Qc2 Nf3 26. c5 bxc5 27. bxc5 Qb8
28. Bxa6 Nd4 29. Bxd4 exd4 30. cxd6+ cxd6 31. Nb2 Be5 32. Nd3 Nxd3+ 33. Bxd3
Bf4+ 0-1

[Event "XXIX Memorial Edoardo Crespi A"]
[Site "Milano ITA"]
[Date "2008.12.13"]
[Round "9"]
[White "Profumo, Alberto"]
[Black "Battistella, Stefano"]
[Result "1-0"]
[WhiteElo "2231"]
[BlackElo "2088"]
[PlyCount "123"]
[EventDate "2008.12.06"]

1. Nf3 c5 2. g3 Nc6 3. Bg2 e5 4. d3 g6 5. O-O Bg7 6. c4 Nge7 7. Nc3 O-O 8. Ne1
d6 9. Nc2 Be6 10. Ne3 f5 11. Ned5 Rb8 12. Rb1 h6 13. a3 a5 14. Bd2 Kh7 15. b4
axb4 16. axb4 Nxb4 17. Nxb4 cxb4 18. Rxb4 d5 19. cxd5 Nxd5 20. Rb5 Nb6 21. Qc2
Bd7 22. Rb4 Rf6 23. Rfb1 Rd6 24. Be3 Na8 25. Bxb7 Qa5 26. Qa2 Qc7 27. Nd5 Qd8
28. Bc5 Re6 29. Ne3 Nc7 30. Qa7 Rxb7 31. Rxb7 Ra6 32. Qb8 Qxb8 33. Rxb8 Ne6 34.
Bb6 Ra2 35. Kf1 f4 36. Nc4 Ng5 37. f3 e4 38. dxe4 Bh3+ 39. Kf2 Be6 40. Rb4 Nh3+
41. Ke1 Bc3+ 42. Kd1 Bxb4 43. Bd4 Nf2+ 44. Kc1 g5 45. Rxb4 fxg3 46. hxg3 Rxe2
47. Rb7+ Kg8 48. Ne5 g4 49. Ng6 Bf7 50. Rb8+ Be8 51. Nf4 Re1+ 52. Kd2 Rd1+ 53.
Ke3 Kf7 54. e5 gxf3 55. e6+ Ke7 56. Bc5+ Kf6 57. Rxe8 Ng4+ 58. Kxf3 Ne5+ 59.
Ke2 Rc1 60. Bd4 Kf5 61. Rf8+ Ke4 62. Bxe5 1-0

[Event "XXIX Memorial Edoardo Crespi B"]
[Site "Milano ITA"]
[Date "2008.12.04"]
[Round "1"]
[White "Alidosi, Marco"]
[Black "De La Pena, Elmer"]
[Result "1-0"]
[WhiteElo "1794"]
[BlackElo "1890"]
[PlyCount "197"]
[EventDate "2008.12.04"]

1. Nf3 Nf6 2. g3 c5 3. Bg2 Nc6 4. d3 g6 5. e4 Bg7 6. O-O O-O 7. Na3 d6 8. h3
Rb8 9. c3 e5 10. Nc2 h6 11. Kh2 Be6 12. Ne3 b5 13. Nh4 b4 14. Nd5 Bxd5 15. exd5
Ne7 16. c4 Nh5 17. Rb1 Qa5 18. Be3 Qd8 19. Bf3 Nf6 20. Be4 Nh7 21. Ng2 f5 22.
Bf3 Nf6 23. Bd2 Qe8 24. Ne3 g5 25. g4 f4 26. Ng2 Qg6 27. Qe2 a5 28. a4 Qe8 29.
b3 Rb7 30. Rh1 Ng6 31. Kg1 Re7 32. Be4 Nxe4 33. Qxe4 f3 34. Ne1 Nh4 35. Nc2 Rf6
36. Qe1 e4 37. Qf1 exd3 38. Qxd3 Ng2 39. Ne3 Nf4 40. Qc2 Ne2+ 41. Kf1 Nd4 42.
Qd3 Rf8 43. Re1 Qf7 44. Nc2 Ne2 45. Ne3 Nf4 46. Qb1 Rfe8 47. Nf5 Rxe1+ 48. Bxe1
Ng2 49. Bd2 Re2 50. Qd3 Qe8 51. Qxf3 Rxd2 52. Kxg2 Qe5 53. Rd1 Rc2 54. Rd3 Rc1
55. Re3 Qa1 56. Ne7+ Kh8 57. Ng6+ Kh7 58. Qf5 Rg1+ 59. Kf3 Qd1+ 60. Ke4 Qc2+
61. Kf3 Qd1+ 62. Ke4 Qb1+ 63. Kf3 Qxf5+ 64. gxf5 Rb1 65. Ne7 Be5 66. Nc6 Bf6
67. Nxa5 Rb2 68. Nb7 Bd4 69. Re7+ Kg8 70. Na5 Rxf2+ 71. Kg4 Rf4+ 72. Kh5 Rxf5
73. Kxh6 Kf8 74. Re6 Be5 75. Kg6 Rf3 76. Kxg5 Rxh3 77. Rh6 Rg3+ 78. Kf5 Kf7 79.
Rh7+ Bg7 80. Kf4 Rg1 81. Rh3 Rf1+ 82. Rf3 Be5+ 83. Ke3+ Rxf3+ 84. Kxf3 Ke8 85.
Ke4 Kd7 86. Nc6 Bg3 87. Kf5 Bh2 88. a5 Kc7 89. Ke6 Bg3 90. Ne7 Bf4 91. Nf5 Bh2
92. a6 Kb6 93. Kd7 Kxa6 94. Kc6 Ka7 95. Nxd6 Bg1 96. Ne4 Kb8 97. Nxc5 Ka7 98.
Ne6 Kb8 99. d6 1-0

[Event "XXIX Memorial Edoardo Crespi B"]
[Site "Milano ITA"]
[Date "2008.12.04"]
[Round "1"]
[White "Bettini, Massimo"]
[Black "Pasquotto, Mirko"]
[Result "0-1"]
[WhiteElo "1842"]
[BlackElo "1921"]
[PlyCount "70"]
[EventDate "2008.12.04"]

1. e4 c5 2. Nf3 d6 3. d4 cxd4 4. Nxd4 Nf6 5. Nc3 a6 6. Be3 e5 7. Nf3 h6 8. Bc4
Nbd7 9. h3 b5 10. Bd5 Nxd5 11. Qxd5 Rb8 12. Qd3 Nf6 13. Ne2 Be6 14. Nd2 d5 15.
f4 Bd6 16. O-O O-O 17. fxe5 Bxe5 18. Bf4 Qb6+ 19. Kh1 dxe4 20. Nxe4 Rbd8 21.
Nxf6+ Bxf6 22. Qg3 Qc6 23. Bxh6 Bc4 24. Rae1 Bxb2 25. Bg5 Rde8 26. Rf2 Re6 27.
c3 b4 28. Bd2 Rfe8 29. Qg4 bxc3 30. Qf5 Re5 31. Qf4 cxd2 32. Qxd2 Ba3 33. Qc3
Qa4 34. Qf3 Bc5 35. Rff1 Rxe2 0-1

[Event "XXIX Memorial Edoardo Crespi B"]
[Site "Milano ITA"]
[Date "2008.12.04"]
[Round "1"]
[White "Bisignano, Giuseppe"]
[Black "Colombo, Luca"]
[Result "1-0"]
[WhiteElo "1903"]
[BlackElo "1831"]
[PlyCount "177"]
[EventDate "2008.12.04"]

1. e4 c5 2. Nc3 g6 3. f4 d6 4. Nf3 Nc6 5. Bb5 Bd7 6. d3 Bg7 7. O-O Nd4 8. Bc4
e6 9. Nxd4 Bxd4+ 10. Kh1 Ne7 11. Nb5 Bxb5 12. Bxb5+ Nc6 13. f5 O-O 14. Bh6 Bg7
15. Bxg7 Kxg7 16. f6+ Kh8 17. Bxc6 bxc6 18. Qc1 Rg8 19. Qh6 Qf8 20. Qe3 g5 21.
e5 dxe5 22. Qxe5 Rc8 23. Rae1 Rg6 24. Qc3 Qd6 25. Re5 Qd4 26. Rxc5 Qxc3 27.
Rxc3 h6 28. Rb3 Rc7 29. Kg1 Kh7 30. a4 Rg8 31. a5 Rd8 32. a6 Rd5 33. c4 Rdd7
34. Kf2 Kg6 35. Ke3 c5 36. Ke4 Rc6 37. Rb5 Rxa6 38. Rxc5 Rad6 39. Rf3 g4 40.
Rg3 Kxf6 41. Rxg4 Rd4+ 42. Kf3 Rxd3+ 43. Kf2 Rd2+ 44. Kg3 Rxb2 45. Rh5 Rdd2 46.
Rxh6+ Ke7 47. Kh3 a5 48. Rh5 a4 49. Ra5 Rb3+ 50. Kh4 a3 51. c5 a2 52. Ra7+ Kf6
53. Rga4 Rbb2 54. c6 Rdc2 55. c7 Kg6 56. Rg4+ Kf6 57. Rf4+ Kg6 58. Rxf7 Rb4+
59. Kh3 Rbc4 60. Rd7 Rxc7 61. Rdxc7 Rxc7 62. Rxa2 Kf5 63. g3 Rh7+ 64. Kg2 e5
65. Re2 Re7 66. h3 Re6 67. Kf3 e4+ 68. Ke3 Rh6 69. Rf2+ Ke5 70. h4 Rc6 71. Rf8
Rc3+ 72. Kf2 Rc2+ 73. Ke1 Kd4 74. h5 Ke3 75. Kd1 Rh2 76. g4 Kd3 77. Rd8+ Ke3
78. Rd6 Kf4 79. Rg6 e3 80. h6 Ke4 81. g5 Kd3 82. Rd6+ Ke4 83. Rd7 Kf5 84. Rg7
Ke4 85. h7 e2+ 86. Kd2 Kf3 87. Rf7+ Kg4 88. g6 Kg5 89. g7 1-0

[Event "XXIX Memorial Edoardo Crespi B"]
[Site "Milano ITA"]
[Date "2008.12.04"]
[Round "1"]
[White "Bisignano, Riccardo"]
[Black "Fizzotti, Mario"]
[Result "1-0"]
[WhiteElo "1891"]
[BlackElo "1795"]
[PlyCount "81"]
[EventDate "2008.12.04"]

1. e4 e5 2. Bc4 Nf6 3. Nf3 Bc5 4. O-O Nc6 5. Nc3 O-O 6. d3 h6 7. a3 d6 8. Na4
Bg4 9. h3 Bh5 10. Nxc5 dxc5 11. c3 Qe7 12. g4 Nxg4 13. hxg4 Bxg4 14. Kg2 Qf6
15. Qe2 Rad8 16. Qe3 Rd6 17. Nh2 Bh5 18. Qh3 Be2 19. Re1 Qg6+ 20. Kh1 Qh5 21.
Qxh5 Bxh5 22. Be3 b6 23. b4 cxb4 24. axb4 a5 25. bxa5 Nxa5 26. Rxa5 bxa5 27.
Bc5 Rb8 28. Bxd6 cxd6 29. Ra1 Ra8 30. f3 a4 31. Ra3 Kf8 32. Bb5 f6 33. Rxa4
Rxa4 34. Bxa4 g5 35. Kg2 Kg7 36. Nf1 g4 37. Bd1 gxf3+ 38. Bxf3 Be8 39. Ne3 Bb5
40. Nf5+ Kg6 41. c4 1-0

[Event "XXIX Memorial Edoardo Crespi B"]
[Site "Milano ITA"]
[Date "2008.12.04"]
[Round "1"]
[White "Cani, Gazmir"]
[Black "Quagliarella, Sabino Remo"]
[Result "1-0"]
[WhiteElo "1867"]
[BlackElo "1978"]
[PlyCount "89"]
[EventDate "2008.12.04"]

1. e4 g6 2. d4 Bg7 3. Nc3 d6 4. f4 c6 5. Nf3 Bg4 6. Be2 Nd7 7. Be3 Qc7 8. O-O
Bxf3 9. Bxf3 e5 10. Ne2 Ngf6 11. c3 O-O 12. fxe5 dxe5 13. Qe1 Rae8 14. Qh4 exd4
15. cxd4 h5 16. Rac1 Qa5 17. Nc3 Re6 18. h3 Rfe8 19. e5 Nh7 20. Bd1 Nxe5 21.
dxe5 Qxe5 22. Bxa7 Qa5 23. Qf2 Rf6 24. Qc5 Rxf1+ 25. Kxf1 Qa6+ 26. Be2 b5 27.
Qb6 Qc8 28. Qf2 Qe6 29. Bd3 Rd8 30. Bc2 Bh6 31. Bb3 Qe7 32. Re1 Qf8 33. Bc5 Qg7
34. h4 Qf6 35. Qxf6 Nxf6 36. Be7 Rd4 37. Ne2 Rxh4 38. Bxf6 Rh1+ 39. Ng1 c5 40.
Re8+ Bf8 41. Be7 c4 42. Bc2 h4 43. Be4 h3 44. gxh3 Rh2 45. Bg2 1-0